Statistics for Countries Visiting Norway the Most

Click here to take the quiz!

General Stats

  • This quiz has been taken 570 times
  • The average score is 9 of 10

Answer Stats

No.visitorsSource Country% Correct
1,097,231Sweden
99%
749,517Denmark
96%
425,295United States
96%
1,459,908Germany
95%
704,508United Kingdom
95%
326,866France
89%
253,590Spain
85%
197,785Italy
80%
567,343Netherlands
76%
287,153China
74%

Score Distribution

Percentile by Number Answered

Percent of People with Each Score

Your Score History

You have not taken this quiz